Development and Resources Corporation archives : the Khuzestan development program, July 23, 1955, through January 21, 1975 /

Bibliographic Details
Corporate Author: Development and Resources Corporation
Other Authors: Mead, Thomas A., Stone, Carolyn K.
Format: Book
Language:English
Published: [Princeton, N.J.] : Princeton University Library, [1977?]
Subjects:

MARC

Tag First Indicator Second Indicator Subfields
LEADER 00000cam a2200000 a 4500
001 in00000070612
005 20151008061830.0
008 790823s1977 nju bc 00010 engm
010 |a  79314559  
035 |a (OCoLC)05416874 
035 |9 AAJ8923AM 
040 |a DLC  |c DLC  |d m.c.  |d TXA  |d UtOrBLW 
043 |a a-ir---  |a n-us-nj 
049 |a TXAM  |c [800396] 
050 0 0 |a Z7164.E15  |b D48 1977  |a HC477.K45 
082 0 |a 016.3309/55/605 
110 2 |a Development and Resources Corporation. 
245 1 0 |a Development and Resources Corporation archives :  |b the Khuzestan development program, July 23, 1955, through January 21, 1975 /  |c [Thomas A. Mead, catalog compiler ; Carolyn K. Stone, catalog editor]. 
264 1 |a [Princeton, N.J.] :  |b Princeton University Library,  |c [1977?] 
300 |a x, 321 pages ;  |c 28 cm. 
336 |a text  |b txt  |2 rdacontent 
337 |a unmediated  |b n  |2 rdamedia 
338 |a volume  |b nc  |2 rdacarrier 
610 2 0 |a Development and Resources Corporation  |x Archives  |x Catalogs. 
610 2 0 |a Princeton University.  |b Library  |x Catalogs. 
651 0 |a Khūzistān (Iran)  |x Economic policy  |x History  |x Sources  |x Bibliography  |x Catalogs. 
700 1 |a Mead, Thomas A. 
700 1 |a Stone, Carolyn K. 
999 |a MARS 
999 f f |s ede0f33b-1aad-321e-9e2a-46e8a4f019f9  |i a147b227-61ea-3a87-a983-c2ef7ba28bef  |t 0 
952 f f |p ric  |a Texas A&M University  |b Rellis Campus  |c Joint Library Facility  |d Remote Storage  |t 0  |e Z7164.E15 D48 1977  |h Library of Congress classification  |i unmediated -- volume  |m A14806266295 
998 f f |a Z7164.E15 D48 1977  |t 0  |l Remote Storage